000 03857nam a22006735i 4500
005 20230718140303.0
006 m|||||o||d||||||||
007 cr || ||||||||
008 220629t20192019gw fo d z ger d
020 _a9783839445983
040 _aDE-B1597
_beng
_cDE-B1597
_erda
041 0 _ager
082 0 4 _83u
_a306
_qDE-101
_223/ger
100 1 _aMaase, Kaspar,
_eauthor.
_4aut
_4http://id.loc.gov/vocabulary/relators/aut
245 1 0 _aPopulärkulturforschung :
_bEine Einführung /
_cKaspar Maase.
264 1 _aBielefeld :
_btranscript Verlag,
_c[2019]
264 4 _c©2019
300 _a1 online resource (290 p.)
336 _atext
_btxt
_2rdacontent
337 _acomputer
_bc
_2rdamedia
338 _aonline resource
_bcr
_2rdacarrier
347 _atext file
_bPDF
_2rda
490 0 _aEdition Kulturwissenschaft ;
_v190
505 0 0 _tFrontmatter --
_tInhalt --
_t1. Zu diesem Band --
_t2. Populärkultur und Populäres - Kategorien und Konzepte --
_t3. Nützliche Theorien und Perspektiven --
_t4. Populäre Künste --
_t5. Ästhetische Praktiken in Populärkultur und Alltag --
_t6. Wie politisch ist Populärkultur, und auf welche Weise ist sie politisch? --
_t7. Ausblicke: Westliche Populärkultur im globalen Kontext --
_tDank --
_tZitierte Literatur --
_tRegister
506 0 _funrestricted online access
_2star
520 _aPopuläre Unterhaltung und Vergnügung gelten als wesentlich ästhetische Phänomene. Doch gibt es eine spezifische »Ästhetik des Populären«? Und inwiefern können Massenkünste die Ausbildung von Weltsichten und Identitätsorientierungen auf problematische Weise beeinflussen?Kaspar Maase nimmt den »Mainstream« der Massenkünste und dessen alltägliche Nutzungspraktiken in den Fokus. In seiner Studie entwickelt er ein Verständnis von Populärkultur als Netz praktischer Interaktionen zwischen Menschen, Texten, Dingen, Kontexten und Situationen und bietet damit grundlegende Orientierungen für empirische Forschung in einer Vielzahl von Disziplinen.
520 _aWhat is Popular Culture Research? The volume provides an introductory overview of research into popular culture and develops its own program, which focuses on the aesthetic and political functions of mass arts in everyday life.
536 _afunded by Universität Zürich
538 _aMode of access: Internet via World Wide Web.
540 _aThis eBook is made available Open Access under a CC BY-NC-ND 4.0 license:
_uhttps://creativecommons.org/licenses/by-nc-nd/4.0
_uhttps://www.degruyter.com/dg/page/open-access-policy
546 _aIn German.
588 0 _aDescription based on online resource; title from PDF title page (publisher's Web site, viewed 29. Jun 2022)
650 0 _aSocial sciences (General).
650 4 _aCultural Studies.
650 4 _aKultur.
650 4 _aKulturtheorie.
650 4 _aKulturwissenschaft.
650 4 _aKunstwissenschaft.
650 4 _aMassenkünste.
650 4 _aPopkultur.
650 4 _aPopulärkulturforschung.
650 4 _aÄsthetik.
650 4 _aÄsthetisches Erleben.
650 7 _aSOCIAL SCIENCE / Popular Culture.
_2bisacsh
653 _aAesthetic Experience.
653 _aAesthetics.
653 _aCultural Studies.
653 _aCultural Theory.
653 _aCulture.
653 _aFine Arts.
653 _aMass Art.
653 _aPopular Culrure Research.
710 2 _aUniversität Zürich
_efunder.
_4fnd
_4http://id.loc.gov/vocabulary/relators/fnd
776 0 _cprint
_z9783837645989
856 4 0 _uhttps://doi.org/10.1515/9783839445983?locatt=mode:legacy
_zOpen Access
_70
856 4 0 _uhttps://www.degruyter.com/isbn/9783839445983
_zOpen Access
_70
856 4 2 _3Cover
_uhttps://www.degruyter.com/document/cover/isbn/9783839445983/original
942 _cE-BOOK
999 _c70098
_d70097